000 00867nam a2200217Ia 4500
005 20161020145942.0
008 16 s2002 ck fr 0 spa d
040 _aCo-BoUCM
_bspa
_cSaul Niño
_dSaul Niño
041 0 0 _aspa
111 2 _aConsejo Nacional de Rectores
_cMedellín (Colombia)
_d2002
_n108
_981080
245 1 0 _aPensamiento universitario, ASCUN 45 años
_bactos conmemorativos
260 _aMedellín (Colombia)
_aBogotá (Colombia)
_bAsociación Colombiana de Universidades
_c2002
300 _a36 páginas
490 _aPensamiento Universitario
_v7
650 0 4 _aAutonomía universitaria
_zColombia
_942431
650 0 4 _aCalidad de la educación
_zColombia
_930858
651 _aColombia
_xPolítica educativa
_940248
690 0 _aEducación superior
_9177
942 _cLIBRO
_a10
_e1
_2DEWEY
_h378.006
_mA837ac
999 _c305110
_d305110